| 000 | 01785cam a22003614a 4500 | ||
|---|---|---|---|
| 999 |
_c9791 _d9791 |
||
| 001 | 9791 | ||
| 003 | BD-JhCC | ||
| 005 | 20180401104829.0 | ||
| 008 | 180401s2001 enkab b 001 0 eng c | ||
| 020 | _a0198662092 | ||
| 035 |
_a(OCoLC)ocm47104779 _a(BD-JhCC)9791 |
||
| 040 |
_aORX _cORX _dUKM _dUMC _dAFQ _dOMP _dDLC _dBD-JhCC |
||
| 041 | _aeng | ||
| 050 | 0 | 0 |
_aD25.A2 _bO94 2001 |
| 082 |
_bOXF 2001 _a355.009 |
||
| 245 | 0 | 4 |
_aThe Oxford companion to military history / _cedited by Richard Holmes ; consultant editor, Hew Strachan ; Associate editors, Christopher Bellamy and Hugh Bicheno. |
| 246 | 3 | 0 | _aCompanion to military history |
| 246 | 3 | 0 | _aMilitary history |
| 260 |
_aOxford ; _aNew York : _bOxford University Press, _c2001. |
||
| 300 |
_axvii, 1048 p. : _bill., maps ; _c26 cm. |
||
| 504 | _aIncludes bibliographical references and index. | ||
| 520 | 1 | _a"This Oxford companion does much to untangle the long and complicated history of military events in Europe and North America since the 18th century. The thoughtful entries are clear, concise, and readable, with a number of extended entries on such subjects as artillery, infantry, and the science and technology of war."--"Outstanding Reference Sources," American Libraries, May 2002. | |
| 650 | 0 | _aMilitary history. | |
| 700 | 1 |
_aHolmes, Richard, _d1946-2011. |
|
| 700 | 1 | _aStrachan, Hew. | |
| 700 | 1 | _aBellamy, Chris. | |
| 700 | 1 | _aBicheno, Hugh. | |
| 856 | 4 | 2 |
_3Publisher description _uhttp://www.loc.gov/catdir/enhancements/fy0637/2001273896-d.html |
| 856 | 4 | 1 |
_3Table of contents only _uhttp://www.loc.gov/catdir/enhancements/fy0637/2001273896-t.html |
| 856 | 4 | 2 |
_3Contributor biographical information _uhttp://www.loc.gov/catdir/enhancements/fy0724/2001273896-b.html |
| 942 |
_2ddc _cREF |
||